[Event "SVK ECo-C Extraliga 2018-19"]
[Site "Slovakia"]
[Date "2019.03.10"]
[Round "8.7"]
[White "Pallag, Gergely"]
[Black "Harasta, Igor"]
[Result "1/2-1/2"]
[WhiteElo "2005"]
[BlackElo "2092"]
[Annotator "NA"]
[PlyCount "94"]
[EventDate "2018.11.10"]
[EventType "team-tourn"]
[EventCountry "SVK"]
[SourceTitle "playchess.com"]
[Source "ChessBase"]
[SourceQuality "1"]
[WhiteTeam "Komarno"]
[BlackTeam "Zilina"]
[TimeControl "40/5400+30:1800+30"]

1. d4 {[%emt 0:00:00]} Nf6 {[%emt 0:00:00]} 2. Bg5 {[%emt 0:00:00]} g6 {[%emt 0:01:08]} 3. Bxf6 {[%emt 0:00:00]} exf6 {[%emt 0:00:03]} 4. e3 {[%emt 0:00:59]} Bg7 {[%emt 0:00:45]} 5. g3 {[%emt 0:01:04]} O-O {[%emt 0:00:50]} 6. Bg2 {[%emt 0:00:12]} d6 {[%emt 0:01:22]} 7. c4 {[%emt 0:01:11]} c6 {[%emt 0:02:46]} 8. Ne2 {[%emt 0:00:32]} Nd7 {[%emt 0:02:23]} 9. O-O {[%emt 0:01:31]} f5 {[%emt 0:01:04]} 10. Nbc3 {[%emt 0:00:32]} Re8 {[%emt 0:01:13]} 11. Qd3 {[%emt 0:00:55]} Nf6 {[%emt 0:01:51]} 12. b4 {[%emt 0:00:32]} Qe7 {[%emt 0:01:48]} 13. b5 {[%emt 0:06:38]} Ne4 {[%emt 0:11:08]} 14. Rab1 {[%emt 0:06:57]} h5 {[%emt 0:15:31]} 15. Rb3 {[%emt 0:08:04]} Bh6 {[%emt 0:02:05]} 16. Nf4 {[%emt 0:49:37]} h4 {[%emt 0:07:35]} 17. a4 {[%emt 0:06:01]} hxg3 {[%emt 0:31:01]} 18. hxg3 {[%emt 0:00:51]} Kg7 {[%emt 0:01:13]} 19. Rfb1 {[%emt 0:04:01]} g5 {[%emt 0:01:57]} 20. Nh3 {[%emt 0:01:33]} Qf6 {[%emt 0:05:13]} 21. a5 {[%emt 0:06:04]} Nxc3 {[%emt 0:05:28]} 22. Qxc3 {[%emt 0:01:15]} f4 {[%emt 0:01:35]} 23. exf4 {[%emt 0:01:32]} gxf4 {[%emt 0:00:52]} 24. Nxf4 {[%emt 0:01:03]} Bxf4 {[%emt 0:00:09]} 25. gxf4 {[%emt 0:00:08]} Bf5 {[%emt 0:01:06]} 26. Rc1 {[%emt 0:01:09]} Rg8 {[%emt 0:01:12]} 27. a6 {[%emt 0:00:33]} bxa6 {[%emt 0:00:28]} 28. bxc6 {[%emt 0:00:15]} Rac8 {[%emt 0:00:49]} 29. d5 {[%emt 0:00:32]} Qxc3 {[%emt 0:00:57]} 30. Rcxc3 {[%emt 0:00:09]} Kf6 {[%emt 0:00:50]} 31. Rg3 {[%emt 0:00:42]} Rge8 {[%emt 0:00:13]} 32. Rge3 {[%emt 0:00:35]} Rg8 {[%emt 0:00:20]} 33. Kf1 {[%emt 0:00:29]} Rg4 {[%emt 0:00:14]} 34. Bh3 {[%emt 0:00:47]} Rxf4 {[%emt 0:00:10]} 35. Bxf5 {[%emt 0:00:12]} Kxf5 {[%emt 0:00:51]} 36. Rf3 {[%emt 0:00:41]} Rxf3 {[%emt 0:00:14]} 37. Rxf3+ {[%emt 0:00:04]} Ke4 {[%emt 0:00:07]} 38. Rxf7 {[%emt 0:00:35]} Kd4 {[%emt 0:01:10]} 39. Rxa7 {[%emt 0:00:55]} Kxc4 {[%emt 0:00:09]} 40. Rxa6 {[%emt 0:00:38]} Kxd5 {[%emt 0:00:07]} 41. Ke2 {[%emt 0:05:04]} Rxc6 {[%emt 0:01:16]} 42. Rxc6 {[%emt 0:13:20]} Kxc6 {[%emt 0:01:03]} 43. Kd3 {[%emt 0:00:30]} Kd5 {[%emt 0:00:17]} 44. f4 {[%emt 0:00:26]} Ke6 {[%emt 0:00:07]} 45. Kd4 {[%emt 0:00:24]} Kf5 {[%emt 0:00:15]} 46. Kd5 {[%emt 0:00:13]} Kxf4 {[%emt 0:00:06]} 47. Kxd6 {[%emt 0:00:04]} Ke4 {Ke5+} 1/2-1/2

[Event "SVK ECo-C Extraliga 2018-19"]
[Site "Slovakia"]
[Date "2019.03.10"]
[Round "8.8"]
[White "Haring, Viktor"]
[Black "Szucs, Vladimir"]
[Result "1/2-1/2"]
[WhiteElo "2278"]
[BlackElo "2155"]
[Annotator "TA"]
[PlyCount "119"]
[EventDate "2018.11.10"]
[EventType "team-tourn"]
[EventCountry "SVK"]
[SourceTitle "playchess.com"]
[Source "ChessBase"]
[SourceQuality "1"]
[WhiteTeam "Liptovska"]
[BlackTeam "Podhajska"]

{[%evp 16,119,18,15,18,30,10,-12,-21,-14,12,9,10,0,4,0,0,12,10,18,29,25,35,37,39,38,37,37,41,35,39,4,26,12,29,27,42,41,44,46,42,40,40,44,48,48,48,35,50,53,71,53,70,41,31,0,85,0,13,9,20,8,138,138,133,0,44,0,118,109,114,52,57,0,79,8,8,0,0,-16,31,31,33,45,51,8,8,8,26,26,26,26,26,26,28,28,28,28,28,33,25,8,8,8,8,8]} 1. e4 e6 2. d4 d5 3. Nd2 a6 4. Ngf3 c5 5. exd5 exd5 6. dxc5 Bxc5 7. Nb3 Bb6 8. Bd3 Qe7+ 9. Qe2 Nc6 {C08: French Tarrasch: 3...c5 4 exd5 exd5 sidelines} (9... Qxe2+ 10. Kxe2 Nf6 11. Re1 O-O 12. Kf1 Nc6 13. Be3 Bc7 14. c3 Bg4 15. Nbd4 Rfe8 16. h3 Bh5 17. g4 {1-0 (39) Mista,A (2587)-Repka,C (2487) Krakow 2017}) 10. Bg5 Qxe2+ 11. Bxe2 (11. Kxe2 {keeps more tension.} Bg4 12. Rhe1 Nge7 13. Kf1 Bxf3 14. gxf3 f6 15. Be3) 11... h6 $146 ({Predecessor:} 11... Nge7 12. Rd1 O-O 13. O-O f6 14. Bc1 Bf5 15. c3 Bb1 16. Nbd2 Bxa2 17. b3 {½-½ (60) Schlemmer,H-Ruemmele,M Germany 1996}) 12. Bf4 Bg4 13. O-O Nf6 14. h3 $36 {[%mdl 2048] Black is under pressure.} Bh5 15. Rae1 O-O 16. Ne5 Bxe2 17. Rxe2 Rfe8 18. Rfe1 Nxe5 19. Bxe5 Ne4 20. Bd4 Bxd4 21. Nxd4 Kf8 22. Rd1 g6 23. Re3 Rac8 24. Kf1 Rc7 25. c3 Nf6 26. Nc2 Rxe3 27. Nxe3 $14 {[%mdl 4096] Endgame KRN-KRN} Rd7 28. Rd4 Ke7 29. Rb4 Kd8 30. a4 Kc7 31. Ke2 Kc6 32. a5 Rd6 33. f3 Nd7 34. Kd3 Nc5+ 35. Kd4 Nd7 (35... b5 $11) 36. g4 ({Better is} 36. Ng4 $16) 36... b5 37. axb6 $1 {Threatens to win with b7.} Nxb6 38. Rb3 f6 (38... a5 $11) 39. Ra3 $16 Kb5 40. Rb3+ (40. h4 $16) 40... Kc6 $1 $14 41. Ra3 (41. Nc2 $14) 41... Kb5 $16 42. h4 a5 {[#]} 43. h5 (43. b3 $1 $16) 43... gxh5 $14 44. Nf5 (44. gxh5 $14 Nc4 45. Rb3+ Ka4 46. Rb8 (46. Nxc4 dxc4+ 47. Kxc4 Rc6+ 48. Kd5 Kxb3 $17) 46... Nxe3 47. b3+ (47. Kxe3 Re6+ 48. Kd3 Re5 $14) 47... Ka3 48. Kxe3) 44... Rd8 (44... Re6 $11) 45. Rb3+ ({Reject} 45. Nxh6 $6 Rh8 $15) (45. gxh5 $16 a4 46. b3 (46. Nxh6 Rh8 $11)) 45... Kc6 $11 46. gxh5 Re8 $1 47. Nxh6 {Black must now prevent Ng4.} Rh8 48. Nf5 {h6 is the strong threat.} Rxh5 49. Ne7+ Kc7 50. Rb5 {[%cal Re7d5]} Rh4+ $1 51. Kd3 Nc4 52. b3 Ne5+ 53. Ke3 a4 54. bxa4 ({But not} 54. Nxd5+ Kc6 $16) 54... Rxa4 55. Rxd5 Rc4 56. Ke2 Kb7 57. Rb5+ Ka6 58. Rb3 {With the idea Nd5.} Rf4 59. Ra3+ Kb5 60. Nd5 {Accuracy: White = 49%, Black = 52%.} 1/2-1/2

[Event "SVK ECo-C Extraliga 2018-19"]
[Site "Slovakia"]
[Date "2019.03.10"]
[Round "8.8"]
[White "Lisko, Frantisek"]
[Black "Takacs, Laszlo"]
[Result "0-1"]
[WhiteElo "2256"]
[BlackElo "2295"]
[Annotator "TA"]
[PlyCount "52"]
[EventDate "2018.11.10"]
[EventType "team-tourn"]
[EventCountry "SVK"]
[SourceTitle "playchess.com"]
[Source "ChessBase"]
[SourceQuality "1"]
[WhiteTeam "Dunajov"]
[BlackTeam "Streda"]

{[%evp 13,52,0,0,-33,-32,-74,-97,-220,-216,-287,-287,-283,-254,-319,-325,-327,-323,-322,-336,-333,-334,-394,-414,-405,-402,-395,-387,-399,-386,-1176,-1165,-29989,-29990,-29990,-29989,-29996,-29996,-29997,-29998,-29998,-29999]} 1. d4 Nf6 2. c4 e6 3. Nc3 d5 4. cxd5 exd5 5. Bg5 Be7 6. e3 Bf5 7. Qb3 Nbd7 8. Bxf6 {D35: Queen's Gambit Declined: Exchange Variation} Nxf6 9. Qxb7 O-O 10. Bb5 {[#]} (10. Qa6 $17) 10... a6 $1 $19 {[%cal Ra6b5][%mdl 512]} 11. Bc6 (11. Bxa6 Qd6) 11... Rb8 12. Qxa6 Rxb2 $146 {And now ...Qd6 would win.} ({Predecessor:} 12... Rb6 13. Qa4 Qd6 14. Bb5 c6 15. Be2 Rxb2 {½-½ (28) Zetocha,A (2097)-Olvecky,J (1910) Stare Mesto 2017}) 13. Nge2 {[#]} Rb6 $1 {[%cal Rb6a6]} 14. Qa4 Qd6 15. Ng3 Qxc6 16. Qxc6 Rxc6 17. Nxd5 Nxd5 18. Nxf5 Bb4+ 19. Ke2 g6 20. Ng3 Ra8 21. e4 $2 (21. a4) 21... Rc2+ 22. Kf3 Ra3+ {Black mates.} 23. Kg4 h5+ 24. Kg5 Be7+ 25. Kh6 Nf6 {[%cal Rf6g4]} 26. f3 Nh7 {Accuracy: White = 26%, Black = 97%.} 0-1

[Event "SVK ECo-C Extraliga 2018-19"]
[Site "Slovakia"]
[Date "2019.03.10"]
[Round "8.8"]
[White "Veres, Andrej"]
[Black "Kostolansky, Sebastian Lukas"]
[Result "1/2-1/2"]
[WhiteElo "2235"]
[BlackElo "2308"]
[Annotator "TA"]
[PlyCount "48"]
[EventDate "2018.11.10"]
[EventType "team-tourn"]
[EventCountry "SVK"]
[SourceTitle "playchess.com"]
[Source "ChessBase"]
[SourceQuality "1"]
[WhiteTeam "Dubnica"]
[BlackTeam "Slovan"]

{[%evp 18,48,54,54,59,20,20,4,5,16,8,3,2,7,14,10,21,3,13,0,0,0,0,0,0,0,0,0,0,0,0,0,26]} 1. e4 {Szabo,Kr} g6 2. d4 Bg7 3. c4 d6 4. Nc3 Nf6 5. Nf3 {[%cal Bg1f3,Bf3d4,Bd4b5,Bb5d6][%mdl 32]} O-O 6. Be2 c5 7. h3 Na6 {[%cal Bb8a6,Ba6c5,Bc5e4][%mdl 32] E91: King's Indian: Classical: 6 Be2, unusual replies including 6...c5 and 6...Bg4} 8. Be3 cxd4 9. Nxd4 Nc5 10. Qc2 {LiveBook: 10 Games} e5 $146 ({Predecessor:} 10... b6 11. O-O Bb7 12. Bf3 Rc8 13. Rad1 Qc7 14. b3 Qb8 15. Rfe1 Rfe8 {½-½ (59) Bluebaum,M (2634)-Carlsen,M (2838) Karlsruhe/Baden-Baden 2017 CBM 178 [Szabo,Kr]}) 11. Ndb5 a6 {The position is equal.} 12. Rd1 {[#] Hoping for Bxc5.} Ncxe4 {White must now prevent ...Bf5.} 13. Nxd6 $1 Nxd6 14. c5 {[%cal Bc4c5,Bc5d6,Bd6d7][%mdl 32]} Bf5 15. Qc1 Qa5 16. cxd6 Rac8 17. O-O Ne4 18. d7 Nxc3 19. bxc3 Rcd8 20. Bg4 {[#] Threatens to win with Bxf5.} Qb5 21. Bxf5 gxf5 22. Bh6 {Threatening mate with Qg5.} f6 $1 23. Bxg7 Kxg7 24. Qc2 Rxd7 1/2-1/2

[Event "SVK ECo-C Extraliga 2018-19"]
[Site "Slovakia"]
[Date "2019.03.10"]
[Round "8.8"]
[White "Federic, Jozef"]
[Black "Danada, Tomas"]
[Result "0-1"]
[WhiteElo "2207"]
[BlackElo "2221"]
[Annotator "NA RC"]
[PlyCount "122"]
[EventDate "2018.11.10"]
[EventType "team-tourn"]
[EventCountry "SVK"]
[SourceTitle "playchess.com"]
[Source "ChessBase"]
[SourceQuality "1"]
[WhiteTeam "Modra"]
[BlackTeam "Prakovce"]
[TimeControl "40/5400+30:1800+30"]

1. d4 {[%emt 0:00:00]} Nf6 {[%emt 0:00:00]} 2. Nf3 {[%emt 0:00:00]} d5 {[%emt 0:00:00]} 3. e3 {[%emt 0:00:34]} c5 {[%emt 0:00:02]} 4. Be2 {[%emt 0:02:40]} Nc6 {[%emt 0:00:37]} 5. O-O {[%emt 0:00:33]} cxd4 {[%emt 0:09:14]} 6. exd4 {[%emt 0:00:51]} Qc7 {[%emt 0:03:25] B13: Caro-Kann: Exchange Variation and Panov-Botvinnik Attack} (6... g6 7. c3 Bg7 8. Bf4 O-O 9. Nbd2 h6 10. Ne5 Nd7 11. Nxd7 Qxd7 12. Nb3 b6 13. a4 a5 14. Re1 Ba6 15. Bxa6 Rxa6 16. Nc1 Re8 17. Nd3 {1-0 (37) Maghsoodloo,P (2573)-Mousavi,S (2424) Arak 2016}) 7. c4 {[%emt 0:05:45]} dxc4 $146 {[%emt 0:11:35]} ({Predecessor:} 7... Bf5 8. cxd5 Nxd5 9. a3 a6 10. Nc3 Rd8 11. Nxd5 Rxd5 12. Bc4 Rd8 13. Be3 e6 14. Rc1 {½-½ (40) Moser,M-Preindl,F (1745) Wattens 1997}) 8. Na3 {[%emt 0:04:03]} Bg4 {[%emt 0:10:37]} 9. Be3 {[%emt 0:07:46]} e6 {[%emt 0:06:11]} 10. Nxc4 {[%emt 0:01:09]} Bd6 {[%emt 0:02:09]} 11. h3 {[%emt 0:02:29]} Bh5 {[%emt 0:08:01]} 12. Rc1 {[%emt 0:04:10]} Nd5 {[%emt 0:01:46]} 13. Nce5 {[%emt 0:11:18]} Bxe5 {[%emt 0:04:46]} 14. Nxe5 {[%emt 0:00:39]} Bxe2 {[%emt 0:00:07]} 15. Qxe2 {[%emt 0:00:04]} O-O {[%emt 0:00:25]} 16. Nxc6 {[%emt 0:02:18]} bxc6 {[%emt 0:00:09]} 17. Rc5 {[%emt 0:00:28]} Rab8 {[%emt 0:03:14]} 18. Rfc1 {[%emt 0:02:33]} Rb6 {[%emt 0:01:49]} 19. b3 {[%emt 0:03:16]} Qb7 {[%emt 0:01:57]} 20. Bd2 {[%emt 0:01:54]} Nb4 {[%emt 0:14:56]} 21. Be1 {[%emt 0:07:12]} Rc8 {[%emt 0:05:37]} 22. R1c4 {[%emt 0:10:20]} h6 {[%emt 0:01:09]} 23. Qd2 {[%emt 0:03:05]} Nd5 {[%emt 0:01:47]} 24. Qc2 {[%emt 0:00:36]} Ne7 {[%emt 0:02:45]} 25. Bd2 {[%emt 0:02:36]} Rb5 {[%emt 0:00:52]} 26. Bf4 {[%emt 0:03:33]} Rxc5 {[%emt 0:00:36]} 27. dxc5 {[%emt 0:04:37]} Rd8 {[%emt 0:00:37]} 28. Bc1 {[%emt 0:08:13]} Rd5 {[%emt 0:00:38]} 29. Bb2 {[%emt 0:00:27]} Qd7 {[%emt 0:00:46]} 30. Qc3 {[%emt 0:00:35]} e5 {[%emt 0:01:05]} 31. f4 {[%emt 0:01:12]} Ng6 {[%emt 0:01:01]} 32. fxe5 {[%emt 0:00:37]} Nxe5 {[%emt 0:00:32]} 33. Rd4 {[%emt 0:02:32]} Rxd4 {[%emt 0:01:59]} 34. Qxd4 {[%emt 0:00:02]} Qxd4+ {[%emt 0:00:08]} 35. Bxd4 {[%emt 0:00:03]} Nd3 {[%emt 0:00:16]} 36. Be3 {[%emt 0:01:35]} f5 {[%emt 0:01:18]} 37. Kf1 {[%emt 0:00:29]} Kf7 {[%emt 0:01:02]} 38. Ke2 {[%emt 0:00:28]} Nb4 {[%emt 0:00:15]} 39. Bd2 {[%emt 0:01:02]} Na6 {[%emt 0:01:21]} 40. b4 {[%emt 0:01:22]} Ke6 {[%emt 0:00:06]} 41. Kd3 {[%emt 0:33:24]} Kd5 {[%emt 0:30:41]} 42. a3 {[%emt 0:01:52]} Nc7 {[%emt 0:00:00]} 43. Bc1 {[%emt 0:00:00]} a5 {[%emt 0:00:00]} 44. Be3 {[%emt 0:00:00]} a4 {[%emt 0:00:00]} 45. Bc1 {[%emt 0:00:00]} Ne6 {[%emt 0:00:00]} 46. Bd2 {[%emt 0:00:00]} f4 {[%emt 0:00:00]} 47. h4 {[%emt 0:00:00]} g5 {[%emt 0:00:00]} 48. hxg5 {[%emt 0:00:00]} hxg5 {[%emt 0:00:00]} 49. Bc3 {[%emt 0:00:00]} g4 {[%emt 0:00:00]} 50. Bd2 {[%emt 0:00:00]} g3 $19 {[%emt 0:00:00]} 51. Ke2 {[%emt 0:00:00]} Nd4+ {[%emt 0:00:00]} 52. Kf1 {[%emt 0:00:00]} Ke4 {[%emt 0:00:00]} 53. Bc1 {[%emt 0:00:00]} f3 {[%emt 0:00:11]} 54. Bb2 {[%emt 0:00:00]} Ne2 {[%emt 0:02:32]} 55. b5 {[%emt 0:00:00]} Nf4 {[%emt 0:00:37]} 56. gxf3+ {[%emt 0:00:14]} Kxf3 {[%emt 0:00:02]} 57. Bd4 {[%emt 0:00:11]} g2+ {[%emt 0:00:57]} 58. Ke1 {[%emt 0:00:10]} Nd3+ {[%emt 0:01:04]} 59. Kd2 {[%emt 0:00:07]} Nf2 {[%emt 0:00:06]} 60. bxc6 {[%emt 0:00:25]} g1=Q {[%emt 0:00:08]} 61. c7 {[%emt 0:00:21]} Qd1+ {[%emt 0:00:42]} 0-1

[Event "SVK ECo-C Extraliga 2018-19"]
[Site "Slovakia"]
[Date "2019.03.10"]
[Round "8.8"]
[White "Gasa, Patrik"]
[Black "Fiacan, Robert"]
[Result "1-0"]
[WhiteElo "2176"]
[BlackElo "2242"]
[Annotator "NA RC"]
[PlyCount "25"]
[EventDate "2018.11.10"]
[EventType "team-tourn"]
[EventCountry "SVK"]
[SourceTitle "playchess.com"]
[Source "ChessBase"]
[SourceQuality "1"]
[WhiteTeam "Osuske"]
[BlackTeam "Snina"]
[TimeControl "40/5400+30:1800+30"]

1. d4 f5 2. h3 Nf6 3. g4 fxg4 4. hxg4 Nxg4 5. Qd3 g6 6. Rxh7 Rxh7 7. Qxg6+ Rf7 8. Qxg4 d5 9. Qh5 Qd6 10. Nf3 Qf6 11. Be3 Qf5 12. Ng5 Be6 13. Bh3 1-0

[Event "SVK ECo-C Extraliga 2018-19"]
[Site "Slovakia"]
[Date "2019.03.10"]
[Round "8.8"]
[White "Matejov, Jaroslav"]
[Black "Viczencz, Peter"]
[Result "0-1"]
[WhiteElo "2054"]
[BlackElo "1979"]
[Annotator "NA"]
[PlyCount "72"]
[EventDate "2018.11.10"]
[EventType "team-tourn"]
[EventCountry "SVK"]
[SourceTitle "playchess.com"]
[Source "ChessBase"]
[SourceQuality "1"]
[WhiteTeam "Zilina"]
[BlackTeam "Komarno"]
[TimeControl "40/5400+30:1800+30"]

1. e4 {[%emt 0:00:00]} e6 {[%emt 0:00:00]} 2. d4 {[%emt 0:01:06]} c5 {[%emt 0:00:05]} 3. Nf3 {[%emt 0:03:07]} cxd4 {[%emt 0:01:09]} 4. Nxd4 {[%emt 0:00:25]} a6 {[%emt 0:00:05]} 5. c4 {[%emt 0:01:37]} Nf6 {[%emt 0:00:30]} 6. Bd3 {[%emt 0:03:55]} Be7 {[%emt 0:03:17]} 7. O-O {[%emt 0:00:40]} Qc7 {[%emt 0:00:12]} 8. Nc3 {[%emt 0:02:48]} O-O {[%emt 0:00:45]} 9. Be3 {[%emt 0:02:28]} d6 {[%emt 0:01:16]} 10. Rc1 {[%emt 0:01:31]} Nbd7 {[%emt 0:00:41]} 11. f4 {[%emt 0:15:27]} b6 {[%emt 0:04:01]} 12. Qe2 {[%emt 0:05:55]} Bb7 {[%emt 0:00:42]} 13. Bb1 {[%emt 0:08:17]} Rac8 {[%emt 0:01:54]} 14. b3 {[%emt 0:00:30]} Nc5 {[%emt 0:01:19]} 15. Bd2 {[%emt 0:02:59]} Rfd8 {[%emt 0:10:25]} 16. Rf3 {[%emt 0:04:00]} d5 {[%emt 0:18:21]} 17. cxd5 {[%emt 0:07:04]} exd5 {[%emt 0:02:15]} 18. e5 {[%emt 0:12:12]} Nfe4 {[%emt 0:03:04]} 19. Rh3 {[%emt 0:06:04]} g6 {[%emt 0:01:43]} 20. Nxe4 {[%emt 0:06:39]} dxe4 {[%emt 0:00:34]} 21. Be3 {[%emt 0:00:46]} Qb8 {[%emt 0:05:12]} 22. Nf5 {[%emt 0:03:48]} gxf5 {[%emt 0:14:38]} 23. Qh5 {[%emt 0:00:12]} Kf8 {[%emt 0:00:15]} 24. Qxh7 {[%emt 0:00:13]} Ke8 {[%emt 0:00:25]} 25. Qxf5 {[%emt 0:00:11]} Ne6 {[%emt 0:03:05]} 26. Re1 {[%emt 0:05:48]} Qc7 {[%emt 0:05:00]} 27. Rh8+ {[%emt 0:02:15]} Nf8 {[%emt 0:01:58]} 28. h4 {[%emt 0:01:48]} Qc3 {[%emt 0:02:52]} 29. Kf1 {[%emt 0:00:49]} a5 {[%emt 0:01:03]} 30. Bxe4 {[%emt 0:00:38]} Ba6+ {[%emt 0:01:44]} 31. Kf2 {[%emt 0:00:35]} Rd2+ {[%emt 0:00:42]} 32. Kf3 {[%emt 0:00:38]} Rxa2 {[%emt 0:03:13]} 33. Rc1 {[%emt 0:00:34]} Be2+ {[%emt 0:00:16]} 34. Kg3 {[%emt 0:01:23]} Qxe3+ {[%emt 0:00:07]} 35. Bf3 {[%emt 0:00:01]} Rxc1 {[%emt 0:00:36]} 36. e6 Qxe6 {[%emt 0:01:08]} 0-1

[Event "SVK ECo-C Extraliga 2018-19"]
[Site "Slovakia"]
[Date "2019.04.12"]
[Round "9.1"]
[White "Balogh, Csaba"]
[Black "Cvek, Robert"]
[Result "1/2-1/2"]
[WhiteElo "2610"]
[BlackElo "2524"]
[Annotator "TA"]
[PlyCount "32"]
[EventDate "2018.11.10"]
[EventType "team-tourn"]
[EventCountry "SVK"]
[SourceTitle "playchess.com"]
[Source "ChessBase"]
[SourceQuality "1"]
[WhiteTeam "Modra"]
[BlackTeam "Osuske"]

{[%evp 13,32,35,41,0,-2,-25,-8,-62,-29,-21,50,47,66,50,60,64,60,-20,-31,-60,-62]} 1. e4 {[%cal Be2e4,Be4e5][%mdl 32]} e6 2. d4 d5 3. Nd2 Be7 4. e5 c5 5. c3 Nc6 6. Bd3 {C03: French Tarrasch: Unusual Black 3rd moves} Bd7 7. Ne2 f6 {LiveBook: 13 Games} 8. exf6 {White is slightly better.} Nxf6 9. O-O $146 ({Predecessor:} 9. Nf3 O-O 10. O-O cxd4 11. Nexd4 Nxd4 12. cxd4 Qb6 13. Qe2 a6 {1-0 (45) Malakhov,V (2691)-Palachev,P (2402) Sochi 2018}) 9... e5 10. Bb5 (10. dxe5 $11 Nxe5 11. Bc2) 10... Qc7 11. Nb3 a6 ({Black should play} 11... c4 $11 12. dxe5 Qxe5) 12. Bxc6 $1 $14 Bxc6 13. Nxc5 Bxc5 14. dxc5 O-O 15. f4 (15. Be3 $14) 15... Bb5 $11 16. a4 Qxc5+ {Precision: White = 35%, Black = 56%.} 1/2-1/2

[Event "SVK ECo-C Extraliga 2018-19"]
[Site "Slovakia"]
[Date "2019.04.12"]
[Round "9.1"]
[White "Papp, Gabor"]
[Black "Vajda, Levente"]
[Result "1/2-1/2"]
[WhiteElo "2598"]
[BlackElo "2535"]
[Annotator "ChessBase"]
[PlyCount "47"]
[EventDate "2018.11.10"]
[EventType "team-tourn"]
[EventCountry "SVK"]
[SourceTitle "playchess.com"]
[Source "ChessBase"]
[SourceQuality "1"]
[WhiteTeam "Slovan"]
[BlackTeam "Streda"]
[TimeControl "40/5400+30:1800+30"]

1. e4 {[%emt 0:00:00]} e5 {[%emt 0:00:00]} 2. Nf3 {[%emt 0:00:00]} Nc6 {[%emt 0:00:00]} 3. Bb5 {[%emt 0:00:00]} a6 {[%emt 0:00:00]} 4. Ba4 {[%emt 0:00:00]} Nf6 {[%emt 0:00:00]} 5. O-O {[%emt 0:00:02]} Be7 {[%emt 0:00:00]} 6. d3 {[%emt 0:00:49]} d6 {[%emt 0:01:28]} 7. c3 {[%emt 0:00:14]} O-O {[%emt 0:00:14]} 8. Re1 {[%emt 0:00:22]} b5 {[%emt 0:01:12]} 9. Bc2 {[%emt 0:00:08]} Re8 {[%emt 0:06:40]} 10. Nbd2 {[%emt 0:01:06]} Bf8 {[%emt 0:00:08]} 11. Nf1 {[%emt 0:00:43]} h6 {[%emt 0:00:33]} 12. Ng3 {[%emt 0:00:56]} g6 {[%emt 0:07:45]} 13. d4 {[%emt 0:01:14]} Bg7 {[%emt 0:01:33]} 14. d5 {[%emt 0:01:44]} Ne7 {[%emt 0:01:57]} 15. a4 {[%emt 0:03:21]} Bb7 {[%emt 0:04:37]} 16. b3 {[%emt 0:04:01]} c6 {[%emt 0:02:35]} 17. c4 {[%emt 0:00:09]} b4 {[%emt 0:00:28]} 18. dxc6 {[%emt 0:14:59]} Nxc6 {[%emt 0:01:11]} 19. h3 {[%emt 0:00:31]} Re6 {[%emt 0:13:41]} 20. Be3 {[%emt 0:03:35]} Nd7 {[%emt 0:02:53]} 21. Qd2 {[%emt 0:02:45]} Qf8 {[%emt 0:00:31]} 22. Rad1 {[%emt 0:03:24]} a5 {[%emt 0:01:20]} 23. Qc1 {[%emt 0:10:08]} Nc5 {[%emt 0:05:19]} 24. Re2 {[%emt 0:04:14]} 1/2-1/2

[Event "SVK ECo-C Extraliga 2018-19"]
[Site "Slovakia"]
[Date "2019.04.12"]
[Round "9.1"]
[White "Krejci, Jan"]
[Black "Navara, David"]
[Result "1/2-1/2"]
[WhiteElo "2588"]
[BlackElo "2733"]
[Annotator "TA"]
[PlyCount "106"]
[EventDate "2018.11.10"]
[EventType "team-tourn"]
[EventCountry "SVK"]
[SourceTitle "playchess.com"]
[Source "ChessBase"]
[SourceQuality "1"]
[WhiteTeam "Prakovce"]
[BlackTeam "Snina"]

{[%evp 17,106,1,11,21,18,29,40,10,6,-16,-8,-45,-28,-62,-60,-55,-52,-63,-32,-18,-3,0,-2,-14,-13,0,67,58,275,0,0,-20,0,0,0,0,0,0,0,-38,-1,-15,0,0,48,21,64,20,46,28,2,0,0,0,0,0,2,2,3,0,0,-8,-8,-22,-6,-6,0,-4,0,0,0,0,0,0,0,0,0,0,0,0,0,0,0,0,0,0,0,0,0,0,0]} 1. d4 Nf6 2. c4 e6 3. Nc3 Bb4 4. Nf3 b6 5. e3 Bb7 6. Bd3 O-O 7. O-O Bxc3 8. bxc3 c5 9. Re1 {E43: Nimzo-Indian: Rubinstein: 4...b6} (9. Nd2 Nc6 10. Re1 d6 11. f3 Rc8 12. Bb2 Ba6 13. Qe2 Qd7 14. e4 Na5 15. Rac1 e5 16. Nf1 Nh5 17. g3 {½-½ (53) Agdestein,S (2581)-Vitiugov,N (2734) Helsingor 2018}) 9... Ne4 {LiveBook: 6 Games} 10. Nd2 f5 (10... Nxc3 $2 11. Qc2 $18) 11. f3 Nxd2 ({But not} 11... Nxc3 $2 12. Qc2 $18) 12. Qxd2 Nc6 13. Bb2 Na5 $146 ({Predecessor:} 13... e5 14. e4 f4 15. Qf2 d6 16. Red1 Na5 {0-1 (49) Chevrier,T (2445)-Sharif,M (2440) Belfort 1988}) 14. Qe2 Qe7 15. Rad1 e5 16. e4 f4 $1 17. g3 Ba6 18. gxf4 Rxf4 19. Bc1 $1 {[%cal Rc1f4]} Rf7 20. dxe5 Qxe5 21. f4 $1 {[%cal Rf4e5]} Qxc3 (21... Qe6 $11) 22. e5 Raf8 $2 (22... Re8 $14) 23. Bd2 $2 ({White should try} 23. Bb2 $18 Qb4 24. Rc1) 23... Qb2 24. Bxa5 (24. Rc1 {is interesting.} Bb7 25. Rc2 Qd4+ 26. Be3 Bf3 27. Qd2) 24... Qd4+ 25. Qe3 Qxe3+ 26. Rxe3 {[#] Threatens to win with Bc3.} bxa5 27. f5 $1 Re7 28. Kg2 Rb8 29. Rd2 Rb4 30. Be2 Kf7 ({Of course not} 30... Bxc4 $6 31. a3 $16) 31. Kg3 a4 ({Don't blunder} 31... Bxc4 $2 32. a3 $18) 32. Kf4 (32. Bh5+ {with more complications.} Kf8 33. e6 Rb8 34. Red3 g6 35. exd7 Rd8 36. fxg6 Bxc4 37. gxh7 Rxh7 38. Rf3+) 32... a3 33. Rxd7 {Strongly threatening f6.} Bxc4 34. Rxe7+ {The position is equal.} Kxe7 35. Bxc4 Rxc4+ $14 {[%mdl 4096] Endgame KR-KR} 36. Kf3 Rh4 37. Kg3 Rh5 38. Kg4 g6 39. fxg6 hxg6 40. Rxa3 Rxh2 41. Ra6 c4 42. Kg3 Re2 43. Rxg6 Rxe5 44. Rc6 Re4 45. Kf3 Kd7 (45... Re1 {keeps more tension.} 46. Rxc4 Kd6 47. Rd4+ Kc6 48. Re4 Rc1) 46. Rh6 Re8 (46... Rd4 {is more complex.} 47. Ke3 Rd3+ 48. Ke2 Ra3 49. Kd2 a5) 47. Rh4 Rc8 (47... c3 {feels hotter.} 48. Rc4 Kd6 49. Rxc3 Kd5 50. Ra3 Re7) 48. Ke2 Kd6 49. Kd2 Kc5 50. Kc3 Kb5 {[#]} 51. a4+ $1 {[%mdl 512]} Kxa4 52. Rxc4+ Rxc4+ 53. Kxc4 a5 {Accuracy: White = 51%, Black = 34%.} 1/2-1/2